Impacto de la política educacional 1990-1996

Збережено в:
Бібліографічні деталі
Співавтор: MIDEPLAN (Автор)
Формат: Книга
Мова:Іспанська
Опубліковано: Santiago Mideplan 1999
Предмети:
Теги: Додати тег
Немає тегів, Будьте першим, хто поставить тег для цього запису!

MARC

LEADER 00000nam a2200000 a 4500
001 UCP5197
003 CL-VaPUC
008 990903e19990000CL |||||||||||||||||spa|d
082 0 4 |a 379.154  |b MID  |2 21 
110 2 |a MIDEPLAN  |e author  |9 433364 
245 1 0 |a Impacto de la política educacional 1990-1996 
300 |a 98 p 
942 |c BK 
945 |d 19990903 00:00:00  |a rbrito 
260 |a Santiago  |b Mideplan  |c 1999 
650 0 |a Política educacional  |9 308011 
650 0 |a Aspectos económicos  |9 255165 
650 0 |a Educación básica   |9 224933 
650 0 |a Educación preescolar  |9 260381 
650 0 |a Analfabetismo  |9 324360 
651 7 |a CHILE  |2 CL-VaPUC  |9 433365 
583 |a last modification  |c 19990903 00:00:00  |k Rodrigo Vera 
999 |c 282985  |d 282983 
952 |0 0  |1 0  |4 0  |6 379_154000000000000_MID_1999  |7 0  |8 A  |9 325718  |a BIBGIM  |b BIBGIM  |d 2019-11-20  |i 3537188  |o 379.154 MID 1999  |p 3537188  |r 2025-01-15  |w 2019-11-20  |y BK  |k GIM 
952 |0 0  |1 0  |4 0  |6 379_154000000000000_MID_1999  |7 0  |8 A  |9 325719  |a BIBEDU  |b BIBEDU  |d 2019-11-20  |i 3537218  |o 379.154 MID 1999  |p 3537218  |r 2019-11-20  |w 2019-11-20  |y BK  |k BME 
952 |0 0  |1 0  |4 0  |6 379_154000000000000_MID_1999  |7 0  |8 A  |9 325720  |a BIBEDU  |b BIBEDU  |d 2019-11-20  |i 426522K  |o 379.154 MID 1999  |p 426522K  |r 2019-11-20  |w 2019-11-20  |y BK  |k EBA